Philosophy & public affairs
| Autor Corporativo: | |
|---|---|
| Formato: | Electrónico Revista |
| Lenguaje: | inglés |
| Publicado: |
Princeton, NJ :
Princeton University Press
[Oxford, UK] : [Blackwell Pub.] Malden, MA : John Wiley & Sons |
| Materias: | |
| Acceso en línea: | Full text available from Research Library: 01/01/1990 to 10/31/2005 |
MARC
| LEADER | 00000nas a22000007a 4500 | ||
|---|---|---|---|
| 001 | ssj0000750 | ||
| 003 | WaSeSS | ||
| 005 | 20200512172242.0 | ||
| 006 | m d | ||
| 007 | cr n | ||
| 008 | 960424c19719999mauqr p s 0 a0eng | ||
| 010 | |a sn 96005095 |z sn 99023362 | ||
| 015 | |a GBB350723 |2 bnb | ||
| 016 | 7 | |a 2008888-7 |2 DE-600 | |
| 016 | 7 | |a 012434718 |2 Uk | |
| 022 | |a 1088-4963 |y 0048-3915 | ||
| 035 | |a (WaSeSS)ssj0000750 | ||
| 037 | |b John Wiley & Sons Inc., 350 Main Street, Malden, MA 02148 | ||
| 040 | |a NSD |b eng |c NSD |d OCL |d DLC |d NSD |d OCLCQ |d EYM |d IUL |d F#A |d MUQ |d SERSO |d OCLCE |d AZU |d IAD |d FJM |d OCL |d DLC |d OCLCQ |d OCLCO |d UKWOH |d UKTCC |d OCLCF |d LND |d UKMGB |d EUW |d OCLCQ |d DEBBG |d XFH |d OCLCO |d NLE |d REB |d ELW |d OCLCO |d OCLCQ |d OCLCA |d AU@ |d OCLCO |d VT2 |d OCLCQ |d OCLCA |d SFB |d WaSeSS | ||
| 042 | |a nsdp |a dlr | ||
| 050 | 1 | 4 | |a H1 |
| 082 | 1 | 0 | |a 300 |2 14 |
| 082 | 1 | 0 | |a 300 |2 13 |
| 130 | 0 | |a Philosophy & public affairs (Online) | |
| 210 | 0 | |a Philos. public aff. |b (Online) | |
| 222 | 0 | |a Philosophy and public affairs |b (Online) | |
| 245 | 1 | 0 | |a Philosophy & public affairs |h [electronic resource]. |
| 246 | 3 | |a Philosophy and public affairs | |
| 260 | |a Princeton, NJ : |b Princeton University Press | ||
| 260 | 2 | |3 <-2007> : |a [Oxford, UK] : |b [Blackwell Pub.] | |
| 260 | 3 | |3 <2011-> : |a Malden, MA : |b John Wiley & Sons | |
| 310 | |a Quarterly | ||
| 362 | 1 | |a Print began with vol. 1, no. 1 (fall 1971). | |
| 506 | |a License restrictions may limit access. | ||
| 588 | |a Description based on: Vol. 1, iss. 1 (fall 1971); title from cover image (JSTOR, viewed Sep. 7, 2011). | ||
| 588 | |a Latest issue consulted: Vol. 39, iss. 2 (spring 2011) (viewed Sep. 6, 2011). | ||
| 650 | 0 | |a Social sciences |v Periodicals. | |
| 650 | 0 | |a Social history |v Periodicals. | |
| 650 | 6 | |a Sciences sociales |v Périodiques. | |
| 650 | 6 | |a Histoire sociale |v Périodiques. | |
| 650 | 7 | |a Social history. |2 fast |0 (OCoLC)fst01122498 | |
| 650 | 7 | |a Social sciences. |2 fast |0 (OCoLC)fst01122877 | |
| 650 | 1 | 7 | |a Filosofie. |2 gtt |
| 650 | 1 | 7 | |a Openbaar bestuur. |2 gtt |
| 650 | 7 | |a Philosophie |2 gnd | |
| 650 | 7 | |a Politik |2 gnd | |
| 650 | 7 | |a Zeitschrift |2 gnd | |
| 650 | 7 | |a Online-Ressource |2 gnd | |
| 655 | 0 | |a Electronic journals. | |
| 710 | 2 | |a Princeton University. | |
| 776 | 0 | 8 | |i Print version: |t Philosophy & public affairs |x 0048-3915 |w (DLC) 75617421 |w (OCoLC)1586988 |
| 856 | 4 | 0 | |z Full text available from Research Library: 01/01/1990 to 10/31/2005 |u https://search.proquest.com/publication/2486 |